Представление документа в формате RUSMARC

ПолеНазваниеЗначение
  Тип записи a
  Библиографический уровень m
001 Контрольный номер RU/CBS_UL/BASE/599218276
005 Дата корректировки 20240209174900.9
010 Индекс ISBN __
d Цена 5 р. 00 к.
9 Тираж экз.
100 Данные общей обработки __
a Данные общей обработки 20181227d2018 ||| 0rusy0189 ca
101 Язык документа 0_
a Язык текста rus
102 Страна публикации __
a Страна публикации RU
105 Кодированные данные (монография) __
a Кодированные данные (монография) y###||||000|y
200 Заглавие и сведения об ответственности 1_
a Заглавие На крыльях вдохновения
b Общее обозначение материала Текст
e Сведения, относящиеся к заглавию сборник песен и романсов
f Первые сведения об ответственности И. Н. Мартынова, Т. Б. Толоконникова
210 Выходные данные 1_
a Место издания Ульяновск
c Издательство [б. и.]
d Дата издания 2001
215 Физическое описание __
a Объем 48 с.
c Иллюстрации/тип воспроизводства нот.
d Формат см.
300 Общие примечания __
a Общие примечания Ограничения по возрасту - 16+
300 Общие примечания __
a Общие примечания Под инв. номером 87510: Ц-1
606 Тематические рубрики 0_
a Основная рубрика Песенники
610 Ключевые слова 0_
a Ключевые слова музыка
a Ключевые слова песни
a Ключевые слова песенники
a Ключевые слова романсы
686 Индексы других классификаций __
a Классификационный индекс 85.94я438
2 Код системы ББК
700 Автор _1
a Фамилия Мартынова
b Имя (инициалы) И. Н.
701 Альтернативная интеллектуальная ответственность _1
a Фамилия Толоконникова
b Имя (инициалы) Т. Б.
801 Источник записи _0
a Страна RU
b Организация МБУК ЦБС
c Дата составления 20181227
g Правила каталогизации RCR
801 Источник записи _1
a Страна RU
b Организация МБУК ЦБС г. Ульяновска
c Дата составления 20181227
g Правила каталогизации RCR
899 Данные о местонахождении __
i Авторский знак М 29
j Расстановочный фильтр 85.94
901 Тип документа __
t Тип документа m
910 Корректоры записи __
a Корректор записи Тихонова